000
00208nam a22000977a 4500
082
_a
474
_b
ASH/A
100
_a
ASHOK
245
_a
AADHUNIK HINDI VYAKARANA THADHA RACHANA
650
_a
HINDHI GRAMMAR
942
_c
BK
999
_c
9044
_d
9044